25 de Abril (Registo nº 679)

Detalhes MARC
000 -Etiqueta do registo
Cabeçalho 00623nam0a22002531 4500
005 - Identificador da versão
Campo de controlo 20240822153851.0
010 ## - Número internacional normalizado dos livros (ISBN)
Número (ISBN) 9723606992
021 ## - Número do Depósito Legal
Código do país PT
Número 206405/04
035 ## - Other System Control Numbers
System Control Number 0000708
System Control Number 0000704
System Control Number 0000704
System Control Number 0000692
100 ## - Dados gerais de processamento
Dados gerais de processamento 20051122d a e0pory5003 ba
101 1# - Língua de publicação
Língua do texto, banda sonora, etc. Português
Língua do documento no original Português
102 ## - Pais de publicação ou produção
País de publicação Portugal
105 ## - Campo de dados codificados: livros
Dados codificados dos livros y z 001yy
106 ## - Campo de dados codificados: material textual
Dados codificados do material textual r
200 1# - Titulo e menção de responsabilidade
Título próprio 25 de Abril
Informação de outro título uma aventura para a democracia
Primeira menção de responsabilidade Boaventura de Sousa Santos
Outras menções de responsabilidade Maria Manuela Cruzeiro
205 ## - Menção da edição
Menção da edição 2ª edição
210 ## - Publicação, Distribuição, etc. 
Lugar da edição, distribuição, etc. Coimbra
Nome do editor, distribuidor, etc. Edições Afrontamento
215 ## - Descrição física 
Indicação específica da natureza do documento e extensão da espécie p.
Dimensões cm
942 ## - Elementos de entrada adicionados (Koha)
Tipo de item no Koha Livro
Exemplares
Situação do levantamento Origin of item (home branch) (coded) Biblioteca de empréstimo Código de barras Cota Circulation type (not for loan) Tipo de documento Nota do exemplar Damaged status
  Biblioteca Escolar Eng. Nuno Mergulhão Biblioteca Escolar Eng. Nuno Mergulhão BENM1103 9PT SAN   Livro Sem mensagem